[Event "Foment Martinenc op-A 15th"]
[Site "Barcelona"]
[Date "2013.06.01"]
[Round "7"]
[White "Ventura Bolet, Alexandre"]
[Black "Lliberia Blasco, Josep Lluis"]
[Result "0-1"]
[WhiteElo "1927"]
[BlackElo "1862"]
[PlyCount "78"]
[EventDate "2013.04.20"]
[EventType "swiss"]
[EventRounds "9"]
[EventCountry "ESP"]
[SourceTitle "CBM 154 Extra"]
[Source "ChessBase"]
[SourceDate "2013.06.25"]
[SourceVersion "2"]
[SourceVersionDate "2013.06.25"]
[SourceQuality "1"]

1. e4 e5 2. Bc4 Nf6 3. Nc3 Nc6 4. d3 Na5 5. Nge2 Nxc4 6. dxc4 Bc5 7. Bg5 Bxf2+ 8. Kd2 h6 9. Bxf6 Qxf6 10. Qf1 Bh4 11. Nd5 Qd6 12. Nec3 a6 13. Rd1 Bg5+ 14. Ke2 Qc5 15. b3 d6 16. Qf3 b5 17. cxb5 axb5 18. Ke1 0-0 19. h4 Bd8 20. Qd3 c6 21. b4 Qd4 22. Qe2 Qa7 23. Ne3 Be7 24. g4 Qa3 25. Rd3 Qxb4 26. g5 f5 27. gxh6 fxe4 28. hxg7 Rf7 29. Qh5 Rxg7 30. Qe8+ Bf8 31. Ned5 cxd5 32. Rf1 Bf5 33. Qxa8 exd3 34. Qxd5+ Kh7 35. Kd2 dxc2 36. Rxf5 c1Q+ 37. Kxc1 Qxc3+ 38. Kd1 Rg1+ 39. Ke2 Qc2+ 0-1

[Event "Foment Martinenc op-A 15th"]
[Site "Barcelona"]
[Date "2013.04.27"]
[Round "2"]
[White "Lliberia Blasco, Josep Lluis"]
[Black "Alonso Gonzalez, Carlos"]
[Result "1/2-1/2"]
[WhiteElo "1862"]
[BlackElo "2058"]
[PlyCount "45"]
[EventDate "2013.04.20"]
[EventType "swiss"]
[EventRounds "9"]
[EventCountry "ESP"]
[SourceTitle "CBM 154 Extra"]
[Source "ChessBase"]
[SourceDate "2013.06.25"]
[SourceVersion "2"]
[SourceVersionDate "2013.06.25"]
[SourceQuality "1"]

1. c4 Nf6 2. d4 g6 3. Nc3 Bg7 4. e4 0-0 5. Nf3 d6 6. Be2 e5 7. Be3 Nc6 8. d5 Ne7 9. 0-0 Ng4 10. Bg5 f6 11. Bh4 Nh6 12. Ne1 g5 13. Bg3 Ng6 14. f3 Nf7 15. Bf2 h5 16. f4 Nxf4 17. Bxh5 Nh6 18. Be2 Kh7 19. Nd3 Nxe2+ 20. Nxe2 Rh8 21. Bg3 Kg8 22. c5 Nf7 23. Rc1 1/2-1/2